OU Fraternities - Statistics

General Stats
  • This quiz has been taken 163 times
  • The average score is 6 of 16
Answer Stats
Hint Answer % Correct
7 Sigma Chi
66%
13 Pi Kappa phi
48%
12 Theta Chi
48%
5 Phi Gamma Delta
45%
16 Beta theta Pi
43%
4 Phi Delta Theta
43%
8 Sigma Phi Epsilon
42%
10 Delta tau Delta
37%
9 Alpha Epsilon Pi
33%
11 Delta Upsilon
32%
14 Lambda Chi Alpha
28%
1 Phi Kappa Psi
28%
6 Sigma Pi
28%
2 Phi Kappa Tau
27%
15 Acacia
17%
3 Phi Kappa Theta
7%
No matching quizzes found
Score Distribution
Percent of People with Each Score
Percentile by Number Answered
Your Score History
You have not taken this quiz